Statystyki dla Najdroższe transfery wychodzące z Ekstraklasy

Kliknij tutaj aby rozwiązać quiz!

Ogólne statystyki

  • Ten quiz został rozwiązany 46 razy
  • Średni wynik to 27 z 50

Statystyki odpowiedzi

PiłkarzWiekNarodowośćSezonKlub sprzedającyKlub pozyskującyKwota transferu% Poprawnych
Jakub Moder21Polska20/21Lech PoznańBrighton FC11 000 000€
90%
Robert Lewandowski21Polska10/11Lech PoznańBorussia Dortmund4 750 000€
88%
Jan Bednarek21Polska17/18Lech PoznańSouthampton FC6 000 000€
81%
Jakub Kamiński20Polska22/23Lech PoznańVFL Wolfsburg10 000 000€
79%
Krzysztof Piątek23Polska18/19CracoviaGenoa CFC4 500 000€
76%
Michał Skóraś23Polska23/24Lech PoznańClub Brügge KV6 000 000€
74%
Sebastian Szymański20Polska19/20Legia WarszawaDinamo Moskwa5 500 000€
74%
Radosław Majecki20Polska19/20Legia WarszawaAS Monaco7 000 000€
71%
Adam Buksa23Polska19/20Pogoń SzczecinNew England Revolution4 200 000€
69%
Bartosz Kapustka19Polska16/17CracoviaLeicester City5 000 000€
69%
Jakub Błaszczykowski21Polska07/08Wisła KrakówBorussia Dortmund3 050 000€
69%
Kacper Kozłowski18Polska21/22Pogoń SzczecinBrighton FC11 000 000€
69%
Kamil Jóźwiak22Polska20/21Lech PoznańDerby County FC4 300 000€
69%
Łukasz Fabiański22Polska07/08Legia WarszawaFC Arsenal Londyn4 350 000€
69%
Maik Nawrocki22Polska/Niemcy23/24Legia WarszawaCeltic Glasgow5 000 000€
67%
Maciej Rybus22Polska11/12Legia WarszawaTerek Grozny3 200 000€
62%
Adrian Mierzejewski24Polska11/12Polonia WarszawaTrabzonspor5 250 000€
60%
Arkadiusz Milik18Polska12/13Górnik ZabrzeBayer Leverkusen2 600 000€
60%
Kamil Piątkowski21Polska21/22Raków CzęstochowaRed Bull Salzburg5 000 000€
60%
Karol Linetty21Polska16/17Lech PoznańUC Sampdoria3 100 000€
57%
Tymoteusz Puchacz22Polska21/22Lech PoznańUnion Berlin2 500 000€
57%
Michał Karbownik19Polska20/21Legia WarszawaBrighton FC3 900 000€
55%
Ondrej Duda21Słowacja16/17Legia WarszawaHertha Berlin SC4 200 000€
55%
Karol Świderski22Polska18/19Jagiellonia BiałystokPAOK Saloniki2 500 000€
52%
Bartosz Białek18Polska20/21Zagłębie LubinVFL Wolfsburg5 000 000€
50%
Patryk Klimala21Polska19/20Jagiellonia BiałystokCeltic Glasgow4 000 000€
50%
Arkadiusz Reca23Polska18/19Wisła PłockAtalanta Bergamo3 700 000€
48%
Artjoms Rudnevs24Łotwa/Rosja12/13Lech PoznańHamburger SV3 500 000€
45%
Dawid Kownacki20Polska17/18Lech PoznańUC Sampdoria4 000 000€
45%
Jarosław Niezgoda24Polska19/20Legia WarszawaPortland Timbers3 450 000€
45%
Josip Juranović26Chorwacja21/22Legia WarszawaCeltic Glasgow3 000 000€
45%
Nemanja Nikolics29Węgry/Serbia16/17Legia WarszawaChicago Fire3 000 000€
45%
Przemysław Płacheta22Polska20/21Śląsk WrocławNorwich City FC3 000 000€
45%
Mateusz Łęgowski20Polska23/24Pogoń SzczecinUS Salernitana 19193 000 000€
43%
Dawid Janczyk19Polska07/08Legia WarszawaCSKA Moskwa4 200 000€
40%
Łukasz Teodorczyk23Polska14/15Lech PoznańDinamo Kijów4 000 000€
40%
Maciej Żurawski28Polska05/06Wisła KrakówCeltic Glasgow3 100 000€
40%
Vadis Odjidja-Ofoe28Belgia/Ghana17/18Legia WarszawaOlympiakos SFP2 500 000€
40%
Rafał Murawski27Polska09/10Lech PoznańRubin Kazań3 200 000€
38%
Sebastian Walukiewicz18Polska18/19Pogoń SzczecinCagliari Calcio3 500 000€
38%
Szymon Żurkowski21Polska18/19Górnik ZabrzeAC Fiorentina4 500 000€
38%
Aleksandar Prijović26Serbia/Szwajcaria16/17Legia WarszawaPAOK Saloniki2 900 000€
36%
Dominik Furman21Polska13/14Legia WarszawaToulouse FC2 650 000€
36%
Marcelo23Brazylia10/11Wisła KrakówPSV Eindhoven3 800 000€
36%
Jarosław Jach23Polska17/18Zagłębie LubinCrystal Palace2 750 000€
33%
Rafał Wolski20Polska12/13Legia WarszawaAC Fiorentina2 700 000€
33%
Luquinhas25Brazylia/Portugalia21/22Legia WarszawaNew York Red Bull3 180 000€
31%
Said Hamulić22Bośnia i Hercegowina/Holandia22/23Stal MielecToulouse FC2 500 000€
31%
Vanja Milinković-Savić20Serbia/Hiszpania17/18Lechia GdańskTorino FC2 600 000€
29%
Aleksandar Tonev23Bułgaria13/14Lech PoznańAston Villa FC3 200 000€
19%

Rozkład punktacji

Percentyl według liczby udzielonych odpowiedzi

Procent ludzi z każdym wynikiem

Twoja historia wyników

Nie rozwiązałeś tego quizu